000 00418nam a2200169 a 4500
001 707
003 CO-ViMGA
008 141112s2004 ck r 000 u spa d
040 _aCO-ViMGA
_bspa
_cCO-ViMGA
082 0 4 _aA863.44 M174m
100 1 _aMariño, Ricardo
_948566
245 1 0 _aLo único del mundo
260 _aBogotá :
_bNorma,
_c1997
300 _a176 p
650 1 4 _aNOVELA ARGENTINA
_92131
942 _2ddc
_cBK
999 _c12945
_d12945